|
|
|
|
| LEADER |
00000nam0a2200000 4500 |
| 001 |
335793 |
| 005 |
20231102004805.0 |
| 035 |
|
|
|a (RuTPU)RU\TPU\book\362205
|
| 090 |
|
|
|a 335793
|
| 100 |
|
|
|a 20171003d1970 k y0rusy50 ca
|
| 101 |
0 |
|
|a rus
|
| 102 |
|
|
|a RU
|
| 105 |
|
|
|a a dm 001zy
|
| 200 |
1 |
|
|a Исследование условий образования интерметаллических соединений в амальгамах и их кинетических и термодинамических свойств
|e автореферат диссертации на соискание ученой степени кандидата химических наук
|e спец. 02.073
|f М. Б. Дергачева
|g Томский государственный университет (ТГУ) ; науч. рук. Л. Ф. Козин
|
| 210 |
|
|
|a Томск
|c [Б. и.]
|d 1970
|
| 215 |
|
|
|a 26 с.
|c ил.
|
| 300 |
|
|
|a Защита сост. 23.02.1970 г.
|
| 320 |
|
|
|a Библиогр.: с. 25-26 ( 9 назв.)
|
| 606 |
1 |
|
|a Интерметаллические соединения
|x Химия
|2 stltpush
|3 (RuTPU)RU\TPU\subj\70624
|9 84830
|
| 610 |
1 |
|
|a физическая химия
|
| 610 |
1 |
|
|a металлы
|
| 610 |
1 |
|
|a кинетические свойства
|
| 610 |
1 |
|
|a термодинамические свойства
|
| 610 |
1 |
|
|a амальгамы
|
| 610 |
1 |
|
|a интерметаллические соединения
|
| 610 |
1 |
|
|a плавление
|
| 610 |
1 |
|
|a ртуть
|
| 610 |
1 |
|
|a химические анализы
|
| 610 |
1 |
|
|a бинарные системы
|
| 610 |
1 |
|
|a химическое равновесие
|
| 610 |
1 |
|
|a термодинамические свойства
|
| 610 |
1 |
|
|a авторефераты диссертаций
|
| 610 |
1 |
|
|a библиотека А. Г. Стромберга
|
| 675 |
|
|
|a 546.3-19(04)
|v 4
|
| 686 |
|
|
|a 02.073
|2 oksvnk
|
| 700 |
|
1 |
|a Дергачева
|b М. Б.
|
| 702 |
|
1 |
|a Козин
|b Л. Ф.
|4 727
|
| 712 |
0 |
2 |
|a Томский государственный университет (ТГУ)
|2 stltpush
|3 (RuTPU)RU\TPU\col\397
|
| 801 |
|
1 |
|a RU
|b 63413507
|c 20171003
|
| 801 |
|
2 |
|a RU
|b 63413507
|c 20171128
|g RCR
|
| 942 |
|
|
|c BK
|